000 00614nam a2200193Ii 4500
003 JO-AjNU
008 230605s9999||||xx |||||||||||||| ||und||
040 _aJO-AjNU
_bara
_erda
_cJO-AjNU
041 _aara
050 1 4 _aPJ7838.H6.Q57 1974
100 3 _aتأليف الإحسايني، محمد,
_eauthor
_949378
245 0 0 _aقصة المغتربون
264 3 1 _aبغداد:دار الشؤون الثقافية،1974
300 _a159ص
336 _atext
_btxt
_2rdacontent
337 _aunmediated
_bn
_2rdamedia
338 _avolume
_bnc
_2rdacarrier
650 4 _aالأدب العربي - قصص
_949379
999 _aA21684
_c25252
_d25252